[Event "Gibraltar Masters"]
[Site "Caleta ENG"]
[Date "2011.02.01"]
[Round "8.12"]
[White "Fernandez Romero, Ernesto"]
[Black "Edouard, Romain"]
[Result "1/2-1/2"]
[WhiteTitle "IM"]
[BlackTitle "GM"]
[WhiteElo "2453"]
[BlackElo "2634"]
[WhiteFideId "2214679"]
[BlackFideId "633429"]
[EventDate "2011.01.25"]
[EventType "swiss"]

1. e4 c5 2. Nf3 d6 3. d4 cxd4 4. Nxd4 Nf6 5. Nc3 a6 6. Bg5 Nbd7 7. f4 Qc7 8. Qe2
e5 9. Nf5 h6 10. Bxf6 Nxf6 11. O-O-O Bxf5 12. exf5 Be7 13. fxe5 dxe5 14. g4 Qa5
15. Bg2 Rc8 16. Kb1 Rxc3 17. bxc3 O-O 18. Qc4 b5 19. Qc6 Nxg4 20. Rd7 Qa3 21.
Rc7 Ne3 22. Bd5 Nc4 23. Bxc4 bxc4 24. Qb7 Bd6 25. Rxc4 Kh7 26. Rc8 Rxc8 27. Qxc8
Bc5 28. Qb7 Qxc3 29. Qb3 Qd4 30. Qxf7 e4 31. Qg6+ Kh8 32. Qe8+ Kh7 33. Qg6+ Kh8 1/2-1/2

[Event "Gibraltar Masters"]
[Site "Caleta ENG"]
[Date "2011.02.01"]
[Round "8.13"]
[White "Iordachescu, Viorel"]
[Black "Nezad, Husein Aziz"]
[Result "1-0"]
[WhiteTitle "GM"]
[BlackTitle "IM"]
[WhiteElo "2634"]
[BlackElo "2420"]
[WhiteFideId "13900200"]
[BlackFideId "12100293"]
[EventDate "2011.01.25"]
[EventType "swiss"]

1. e4 e5 2. Nf3 Nc6 3. Bb5 Nge7 4. Nc3 g6 5. d4 exd4 6. Nd5 Bg7 7. Bg5 h6 8. Bf6
Bxf6 9. Nxf6+ Kf8 10. O-O a6 11. Bc4 Kg7 12. Nxd4 Ne5 13. Nf3 N7c6 14. Nxe5 Qxf6
15. f4 Rf8 16. Nxc6 dxc6 17. c3 Qd6 18. Qe2 Qc5+ 19. Kh1 Bg4 20. Qxg4 Qxc4 21.
f5 Rae8 22. Rae1 Qb5 23. e5 Rxe5 24. fxg6 Rxe1 25. gxf7+ Qg5 26. Qxg5+ hxg5 27.
Rxe1 Rxf7 28. Kg1 Rd7 29. Kf2 Kf6 30. Rf1 a5 31. Ke2+ Kg6 32. Rf3 g4 33. Rd3 Rh7
34. h3 Kf5 35. Kf2 gxh3 36. Rxh3 Rd7 37. Ke2 b6 38. Rd3 Rg7 39. Kf3 Kg5 40. Re3
Rf7+ 41. Ke2 Kg4 42. Re6 c5 43. Rg6+ Kf5 44. Rg3 Rd7 45. Rd3 Re7+ 46. Re3 Rd7
47. a4 Kf4 48. Rf3+ Ke4 49. c4 Rh7 50. Rh3 Rd7 51. b3 Kf4 52. Rf3+ Kg4 53. Rd3
Re7+ 54. Re3 Rd7 55. Re8 Rg7 56. Kf2 Rf7+ 57. Ke3 Rg7 58. Kf2 Rf7+ 59. Ke2 Rg7
60. Re3 Rd7 61. Re5 Rg7 62. Rd5 Kg3 63. Kf1 Rf7+ 64. Kg1 Re7 65. Rd3+ Kg4 66.
Kf2 Rf7+ 67. Rf3 Rd7 68. Ke2 Re7+ 69. Kd3 Kh4 70. Re3 Rd7+ 71. Ke4 Re7+ 72. Kf3
Rf7+ 73. Ke2 Kg4 74. Re8 Rg7 75. Kf2 Rf7+ 76. Ke3 Rg7 77. Kf2 Rf7+ 1-0

[Event "Gibraltar Masters"]
[Site "Caleta ENG"]
[Date "2011.02.01"]
[Round "8.16"]
[White "Sandipan, Chanda"]
[Black "Vernay, Clovis"]
[Result "1/2-1/2"]
[WhiteTitle "GM"]
[BlackTitle "IM"]
[WhiteElo "2641"]
[BlackElo "2446"]
[WhiteFideId "5004225"]
[BlackFideId "633046"]
[EventDate "2011.01.25"]
[EventType "swiss"]

1. d4 d5 2. c4 c6 3. Nf3 Nf6 4. e3 Bf5 5. Nc3 e6 6. Nh4 Bg6 7. Nxg6 hxg6 8. a3
Bd6 9. g3 Nbd7 10. c5 Bc7 11. Bg2 b6 12. b4 bxc5 13. bxc5 Ba5 14. Bd2 Bxc3 15.
Bxc3 Ne4 16. Qc2 f5 17. f3 Nxc3 18. Qxc3 Rb8 19. O-O O-O 20. e4 Rf7 21. e5 Nf8
22. Rfb1 Rfb7 23. Rb4 a5 24. Rxb7 Rxb7 25. Qc2 Qb8 26. Qa4 Rb2 27. Bf1 Rd2 28.
Rd1 Ra2 29. Re1 Qb7 30. Re2 Ra1 31. Rf2 g5 32. Qxa5 Qb3 33. Qd2 Rd1 34. Qa2 Qc3
35. a4 Qxd4 36. Kg2 Ra1 37. Qb2 Qxa4 38. Qb6 Rc1 39. Qd8 g4 40. Be2 gxf3+ 41.
Bxf3 Rc2 42. Qd6 Rxf2+ 1/2-1/2

[Event "Gibraltar Masters"]
[Site "Caleta ENG"]
[Date "2011.02.01"]
[Round "8.18"]
[White "Monroy, Charles"]
[Black "Buhmann, Rainer"]
[Result "1/2-1/2"]
[WhiteTitle "IM"]
[BlackTitle "GM"]
[WhiteElo "2421"]
[BlackElo "2572"]
[WhiteFideId "621641"]
[BlackFideId "4651340"]
[EventDate "2011.01.25"]
[EventType "swiss"]

1. Nf3 d5 2. d4 c6 3. c4 Nf6 4. e3 a6 5. Bd3 Bg4 6. Qb3 Bxf3 7. gxf3 Qc7 8. cxd5
cxd5 9. Nc3 e6 10. e4 Nc6 11. Be3 Rd8 12. O-O-O Nb4 13. Kb1 Nxd3 14. Rxd3 Qc4
15. Ne2 Qxb3 16. Rxb3 dxe4 17. fxe4 Nxe4 18. Rxb7 Rd7 19. Rb8+ Rd8 20. Rb7 Rd7
21. Rb8+ Rd8 22. Rb7 Rd7 1/2-1/2

[Event "Gibraltar Masters"]
[Site "Caleta ENG"]
[Date "2011.02.01"]
[Round "8.19"]
[White "Vaibhav, Suri"]
[Black "Lafuente, Pablo"]
[Result "0-1"]
[WhiteTitle "IM"]
[BlackTitle "GM"]
[WhiteElo "2421"]
[BlackElo "2561"]
[WhiteFideId "5045185"]
[BlackFideId "108820"]
[EventDate "2011.01.25"]
[EventType "swiss"]

1. e4 e5 2. Nf3 Nc6 3. Bb5 a6 4. Ba4 Nf6 5. O-O Be7 6. Re1 b5 7. Bb3 d6 8. c3
O-O 9. h3 Na5 10. Bc2 c5 11. d4 Nd7 12. d5 Nb6 13. Nbd2 g6 14. Nf1 Nb7 15. b3
Qc7 16. N3h2 Bf6 17. Ne3 c4 18. bxc4 Nxc4 19. Nhg4 Bg7 20. Nxc4 Qxc4 21. a4 bxa4
22. Bxa4 Nc5 23. Qc2 Nd3 24. Rd1 Nxc1 25. Raxc1 f5 26. Ne3 Qc5 27. exf5 gxf5 28.
Qd3 Bh6 29. Rb1 Ra7 30. Rb4 Rc7 31. Rc4 Qa5 32. Bc6 e4 33. Qe2 Rg7 34. Rb4 Bxe3
35. fxe3 f4 36. exf4 Bxh3 37. Qe3 Bxg2 38. Kh2 Qd8 0-1

[Event "Gibraltar Masters"]
[Site "Caleta ENG"]
[Date "2011.02.01"]
[Round "8.22"]
[White "Le Roux, Jean-Pierre"]
[Black "Karim, Ismael"]
[Result "1-0"]
[WhiteTitle "GM"]
[BlackTitle "IM"]
[WhiteElo "2551"]
[BlackElo "2375"]
[WhiteFideId "609404"]
[BlackFideId "625736"]
[EventDate "2011.01.25"]
[EventType "swiss"]

1. d4 d6 2. e4 Nf6 3. Nc3 g6 4. g3 Bg7 5. Bg2 O-O 6. Nge2 Nbd7 7. O-O c5 8. h3
Rb8 9. dxc5 Nxc5 10. Be3 b6 11. g4 h5 12. g5 Nfd7 13. f4 Bb7 14. a4 a6 15. b4
Ne6 16. f5 Nc7 17. Qe1 Be5 18. Nf4 Bxf4 19. Bxf4 Ne5 20. Rd1 Qe8 21. Qg3 Nc4 22.
Rfe1 Rc8 23. h4 Nb2 24. Rd2 Nxa4 25. Nd5 Nxd5 26. exd5 Rc3 27. Rd3 Rxc2 28. Bxd6
Qb5 29. Bxe7 Rxg2+ 30. Kxg2 Bxd5+ 31. Kg1 Re8 32. fxg6 fxg6 33. Re5 Rxe7 34.
Rxe7 Bf7 35. Qb8+ Kg7 36. Rf3 1-0

[Event "Gibraltar Masters"]
[Site "Caleta ENG"]
[Date "2011.02.01"]
[Round "8.23"]
[White "Slavin, Alexei"]
[Black "Dzagnidze, Nana"]
[Result "1/2-1/2"]
[WhiteTitle "IM"]
[BlackTitle "GM"]
[WhiteElo "2417"]
[BlackElo "2550"]
[WhiteFideId "24104388"]
[BlackFideId "13601903"]
[EventDate "2011.01.25"]
[EventType "swiss"]

1. d4 Nf6 2. Nf3 e6 3. e3 b6 4. Bd3 c5 5. O-O Bb7 6. c4 Be7 7. d5 exd5 8. cxd5
Bxd5 9. Nc3 Be6 10. e4 Nc6 11. e5 Nd5 12. Ne4 O-O 13. Neg5 h6 14. Nxe6 dxe6 15.
Qe2 Ndb4 16. Bb1 Nd4 17. Nxd4 cxd4 18. Rd1 Rc8 19. a3 Nd5 20. Qe4 f5 21. exf6
Rxf6 22. Bd3 Qd7 23. Bd2 Rf5 24. Re1 Kf7 25. Qe2 Rf6 26. Qh5+ Kg8 27. Qe2 Bd6
28. g3 Qf7 29. Qe4 a5 30. Re2 Re8 31. Rae1 Re7 32. Qh7+ Kf8 33. Qe4 Bc5 34. Qe5
Rf3 35. Qe4 Rf5 36. Kg2 Qe8 37. Qh4 Rh5 38. Qg4 Nf6 39. Qg6 Qxg6 40. Bxg6 Rd5
41. Rxe6 Rxe6 42. Rxe6 Rd6 43. Re1 d3 44. h3 Rd8 45. Rd1 Bd4 46. Be3 Bxe3 47.
fxe3 d2 48. Kf2 Rd5 49. h4 Ng4+ 50. Ke2 Re5 51. e4 Rb5 52. Bf5 Ne5 53. Rxd2 Nc4
54. Rc2 Rxb2 55. Rxb2 Nxb2 56. Be6 Na4 57. Bc4 b5 58. Bd3 b4 59. axb4 axb4 60.
Ke3 Nc5 61. Bc2 b3 62. Bb1 Ke7 63. Kd4 Kd6 64. e5+ Kc6 65. Kc4 b2 66. Bc2 Nb7
67. Be4+ Kd7 68. Bf5+ Kc6 69. Be4+ Kd7 70. Bf5+ Ke7 71. Kc3 Na5 72. Kxb2 Nc4+
73. Kc3 Nxe5 74. Kd4 Kf6 75. Bh3 Nf7 76. Ke4 g5 77. Bf1 Nd6+ 78. Kf3 gxh4 79.
gxh4 Nf5 80. Kg4 Ne3+ 81. Kh5 Kg7 82. Bh3 Kh7 83. Bg4 Kg7 84. Bh3 Kh7 85. Bg4
Nd5 86. Bf5+ Kg7 87. Kg4 Ne3+ 88. Kf4 Ng2+ 89. Kg3 Nxh4 1/2-1/2

[Event "Gibraltar Masters"]
[Site "Caleta ENG"]
[Date "2011.02.01"]
[Round "8.24"]
[White "Boskovic, Drasko"]
[Black "Korchnoi, Viktor"]
[Result "1/2-1/2"]
[WhiteTitle "IM"]
[BlackTitle "GM"]
[WhiteElo "2418"]
[BlackElo "2544"]
[WhiteFideId "927368"]
[BlackFideId "1300016"]
[EventDate "2011.01.25"]
[EventType "swiss"]

1. d4 e6 2. e4 d5 3. Nd2 c5 4. exd5 exd5 5. Ngf3 c4 6. b3 cxb3 7. axb3 Bb4 8.
Ne5 Nf6 9. Bb5+ Nbd7 10. Ba3 Bxa3 11. Rxa3 O-O 12. O-O Qb6 13. Bxd7 Bxd7 14.
Ndf3 Rad8 15. c4 a6 16. Nxd7 Nxd7 17. c5 Qb4 18. Ra4 Qb5 19. b4 Rfe8 20. Qb3 Qc6
21. b5 axb5 22. Ra5 b6 23. Qxb5 Qxb5 24. Rxb5 bxc5 25. dxc5 Rc8 26. c6 Rxc6 27.
Rxd5 Nf6 28. Rd2 h6 29. h3 Nh5 30. g3 Nf6 31. Rfd1 Kh7 32. Kg2 Rc7 33. Rd8 Rxd8
34. Rxd8 Ne4 35. Nd2 1/2-1/2

[Event "Gibraltar Masters"]
[Site "Caleta ENG"]
[Date "2011.02.01"]
[Round "8.26"]
[White "Wheldon, Philip"]
[Black "Kanep, Meelis"]
[Result "0-1"]
[BlackTitle "GM"]
[WhiteElo "2106"]
[BlackElo "2531"]
[WhiteFideId "407402"]
[BlackFideId "4501047"]
[EventDate "2011.01.25"]
[EventType "swiss"]

1. e4 c5 2. Nc3 Nc6 3. g3 g6 4. Bg2 Bg7 5. d3 d6 6. Be3 Nd4 7. Qd2 Qa5 8. h3 Nf6
9. Rc1 Rb8 10. Nf3 Nxf3+ 11. Bxf3 b5 12. a3 O-O 13. Kf1 b4 14. Ne2 Nd7 15. axb4
Rxb4 16. c3 Rb8 17. Nf4 Ne5 18. Be2 Bb7 19. Kg2 c4 20. d4 Bxe4+ 21. f3 Ba8 22.
b4 Qb5 23. dxe5 dxe5 24. Bxa7 Rbd8 25. Qa2 exf4 26. Qxc4 Bxf3+ 27. Kxf3 Qb7+ 28.
Qe4 Qxa7 29. gxf4 Rd6 30. Rhd1 Re6 31. Qd3 Bh6 32. Qd4 Qc7 33. Qc4 Rc6 34. Qd4
Rf6 35. Kg2 Bxf4 36. Rc2 e5 37. Qd5 Rf5 38. Kh1 Rg5 39. Bg4 h5 40. Bd7 Rg3 41.
c4 Kg7 42. Rg2 Rxg2 43. Kxg2 Qd8 44. c5 Qg5+ 45. Kf1 Be3 46. Ke2 Bf4 47. c6 Qd8
48. Qd6 Qb6 49. Rd3 Ra8 50. Qc5 Qxc5 51. bxc5 e4 52. Rb3 Ra2+ 53. Ke1 Kf6 54. c7
Bxc7 55. Re3 Ke5 56. Re2 Ra1+ 57. Kf2 h4 58. Be8 Ra6 59. c6 Ra8 60. Bd7 f5 61.
Rb2 Bd6 62. Rc2 Ra7 63. Be8 Kf6 64. Rd2 Bc5+ 65. Kg2 f4 66. c7 f3+ 67. Kh2 Rxc7
68. Rd7 Rxd7 69. Bxd7 e3 70. Bg4 e2 0-1

[Event "Gibraltar Masters"]
[Site "Caleta ENG"]
[Date "2011.02.01"]
[Round "8.27"]
[White "Harika, Dronavalli"]
[Black "Andersen, Mads"]
[Result "1-0"]
[WhiteTitle "IM"]
[BlackTitle "FM"]
[WhiteElo "2520"]
[BlackElo "2410"]
[WhiteFideId "5015197"]
[BlackFideId "1413864"]
[EventDate "2011.01.25"]
[EventType "swiss"]

1. c4 Nf6 2. g3 g6 3. Bg2 d5 4. cxd5 Nxd5 5. Nc3 Nb6 6. d3 Bg7 7. Be3 O-O 8. Qd2
e5 9. Bh6 f6 10. h4 Qe7 11. Bxg7 Qxg7 12. h5 Nc6 13. hxg6 hxg6 14. Bxc6 bxc6 15.
Ne4 Be6 16. Nc5 Bf7 17. Nf3 Rad8 18. Rc1 Rfe8 19. e4 g5 20. Kf1 Bg6 21. Qe3 Qf7
22. b3 Kg7 23. Nb7 Rb8 24. Na5 Rh8 25. Rg1 Rbd8 26. Nxc6 Rd6 27. Na5 Qd7 28. Ke2
Rd8 29. Rc3 c6 30. Rgc1 Rc8 31. Rh1 Qd8 32. Nb7 Qe7 33. Nxd6 Qxd6 34. Nd2 Nd7
35. Qxa7 Rc7 36. Qa5 Nf8 37. Nc4 Qe7 38. Qa3 Qf7 39. Nd6 Qd7 40. Nf5+ Bxf5 41.
exf5 Qxf5 42. Qb4 Qd7 43. Qe4 Ng6 44. Rhc1 Ne7 45. Rh1 Ng6 46. Qf3 f5 47. Rhc1
g4 48. Qe3 Qd5 49. Rc5 Qd6 50. Qg5 Qe6 51. Rh1 Rf7 52. Qh6+ Kf6 53. Qc1 Rc7 54.
Rh5 f4 55. Rcxe5 Nxe5 56. Qxf4+ 1-0

[Event "Gibraltar Masters"]
[Site "Caleta ENG"]
[Date "2011.02.01"]
[Round "8.28"]
[White "Wohl, Aleksandar H."]
[Black "Cabrera, Alexis"]
[Result "1/2-1/2"]
[WhiteTitle "IM"]
[BlackTitle "GM"]
[WhiteElo "2409"]
[BlackElo "2518"]
[WhiteFideId "3200345"]
[BlackFideId "3502783"]
[EventDate "2011.01.25"]
[EventType "swiss"]

1. d4 Nf6 2. Nf3 g6 3. c4 c5 4. Nc3 Bg7 5. e3 O-O 6. Be2 d5 7. cxd5 Nxd5 8. O-O
Nc6 9. Qb3 Be6 10. Qxb7 cxd4 11. Nxd4 Nxd4 12. exd4 Bxd4 13. Bh6 Rb8 14. Qa6 Re8
15. Rad1 Nb4 16. Qa4 Qb6 17. Bb5 Bxc3 18. Bxe8 Bxb2 19. Be3 Qc7 20. Bxa7 Rb7 21.
Bd4 Nxa2 22. Bc6 Rb4 23. Qa7 Qxa7 24. Bxa7 Bf6 25. Bd5 Nc3 26. Bxe6 Nxd1 27.
Bxf7+ Kxf7 28. Rxd1 h5 29. Be3 Ra4 30. h3 Ra1 31. Rxa1 Bxa1 1/2-1/2

[Event "Gibraltar Masters"]
[Site "Caleta ENG"]
[Date "2011.02.01"]
[Round "8.29"]
[White "Bellin, Robert"]
[Black "Berg, Emanuel"]
[Result "0-1"]
[WhiteTitle "IM"]
[BlackTitle "GM"]
[WhiteElo "2367"]
[BlackElo "2627"]
[WhiteFideId "400343"]
[BlackFideId "1704060"]
[EventDate "2011.01.25"]
[EventType "swiss"]

1. e4 c5 2. Nc3 a6 3. f4 b5 4. g3 Bb7 5. Bg2 e6 6. d3 d5 7. Qe2 Be7 8. Nf3 d4 9.
Nd1 Nf6 10. Nf2 Nc6 11. O-O Qb6 12. g4 h6 13. g5 Nd7 14. h4 hxg5 15. hxg5 O-O-O
16. Bh3 c4 17. Kg2 Nc5 18. Bd2 Kb8 19. Rh1 Rhe8 20. Rab1 a5 21. a3 f5 22. gxf6
gxf6 23. f5 Rg8+ 24. Kf1 e5 25. Nh4 cxd3 26. cxd3 b4 27. axb4 Nxb4 28. Bxb4 Qxb4
29. Ng6 Rd7 30. Bg4 Rc8 31. Kg2 Rdc7 32. Qe1 Qb5 33. Be2 Nb3 34. Bd1 Bb4 35. Qe2
Nc1 36. Qf3 Bd2 0-1

[Event "Gibraltar Masters"]
[Site "Caleta ENG"]
[Date "2011.02.01"]
[Round "8.32"]
[White "Felgaer, Ruben"]
[Black "Karavade, Eesha"]
[Result "1-0"]
[WhiteTitle "GM"]
[BlackTitle "IM"]
[WhiteElo "2585"]
[BlackElo "2353"]
[WhiteFideId "107069"]
[BlackFideId "5012600"]
[EventDate "2011.01.25"]
[EventType "swiss"]

1. e4 e5 2. Nf3 Nc6 3. Bb5 Nf6 4. d3 d6 5. O-O Be7 6. c3 Bd7 7. Re1 O-O 8. Nbd2
Re8 9. Ba4 Bf8 10. Nf1 h6 11. Ng3 Ne7 12. Bc2 Ng6 13. d4 c5 14. h3 Qc7 15. Be3
Bc6 16. d5 Bd7 17. Qd2 b5 18. a4 a6 19. b4 c4 20. Ra3 a5 21. axb5 axb4 22. b6
Qb7 23. Rxa8 Rxa8 24. cxb4 Ne7 25. Qc3 Nc8 26. Nd2 Nxb6 27. Nxc4 Nxc4 28. Qxc4
Bb5 29. Qc3 Qa6 30. Rc1 Be7 31. Nf5 Bd8 32. Bb1 Ne8 33. Rc2 Qb7 34. Ra2 Rxa2 35.
Bxa2 Qa6 36. Bb1 h5 37. Kh2 g6 38. Ng3 h4 39. Nh1 Ng7 40. g4 hxg3+ 41. fxg3 Bb6
42. Bxb6 Qxb6 43. Kg2 Nh5 44. Nf2 Be2 45. Bc2 Nf6 46. Qd2 Qb5 47. Qe3 Qc4 48.
Qb3 Qb5 49. Qc3 Kg7 50. g4 Kg8 51. Qe3 Qc4 52. Qb3 Qb5 53. Qc3 Kg7 54. Kg3 Qb6
55. Qd2 Qb5 56. h4 Kf8 57. Bb3 Ke7 58. Ba2 Kf8 59. Bb1 Qc4 60. Bc2 Ke7 61. g5
Nh5+ 62. Kh2 Nf4 63. Nh3 Bd3 64. Bxd3 Nxd3 65. Qe2 Qb3 66. b5 Qxb5 67. Nf2 Qb2
68. Qxb2 Nxb2 69. Kg3 Nc4 70. h5 gxh5 71. Kh4 Nd2 72. Kxh5 Nf1 73. Kg4 Ne3+ 74.
Kf3 Nf1 75. Ng4 Nd2+ 76. Ke3 Nf1+ 77. Kf3 Nd2+ 78. Ke3 Nf1+ 79. Ke2 Ng3+ 80. Kf3
Nf1 81. Nf6 Nd2+ 82. Ke3 Nf1+ 83. Ke2 Ng3+ 84. Kf2 1-0

[Event "Gibraltar Masters"]
[Site "Caleta ENG"]
[Date "2011.02.01"]
[Round "8.35"]
[White "Peek, Marcel"]
[Black "Cmilyte, Viktorija"]
[Result "0-1"]
[WhiteTitle "IM"]
[BlackTitle "GM"]
[WhiteElo "2342"]
[BlackElo "2526"]
[WhiteFideId "1000462"]
[BlackFideId "12801259"]
[EventDate "2011.01.25"]
[EventType "swiss"]

1. d4 Nf6 2. c4 c5 3. d5 e6 4. Nc3 exd5 5. cxd5 g6 6. e4 Bg7 7. Nf3 O-O 8. Bg5
Re8 9. Nd2 Nxe4 10. Be3 Nxc3 11. bxc3 Bxc3 12. Be2 d6 13. O-O Nd7 14. Rb1 Bg7
15. Bb5 Re7 16. Bg5 f6 17. Bh4 Ne5 18. Be2 Bf5 19. Rb3 c4 20. Bxc4 Nxc4 21. Nxc4
Re4 22. Ne3 Rxh4 23. Nxf5 gxf5 24. f4 Qd7 25. Qe1 Rg4 26. Re3 Bf8 27. Re6 Rc8
28. Qb1 Qg7 29. Re2 Qd7 30. Re6 Qa4 31. Qxf5 Rg6 32. Re2 Re8 33. Re6 Qd4+ 34.
Kh1 Qd2 35. Rg1 Rc8 36. Rxd6 Qxg2+ 0-1

[Event "Gibraltar Masters"]
[Site "Caleta ENG"]
[Date "2011.02.01"]
[Round "8.36"]
[White "Nuri, Kambez"]
[Black "Hoffmann, Michael1"]
[Result "1/2-1/2"]
[BlackTitle "GM"]
[WhiteElo "2300"]
[BlackElo "2506"]
[WhiteFideId "1311433"]
[BlackFideId "4601297"]
[EventDate "2011.01.25"]
[EventType "swiss"]

1. e4 c5 2. Nf3 d6 3. d4 cxd4 4. Nxd4 Nf6 5. Nc3 a6 6. Be2 e5 7. Nb3 Be7 8. O-O
Be6 9. Bf3 O-O 10. Re1 Nbd7 11. Nd2 b5 12. a4 b4 13. Nd5 Nxd5 14. exd5 Bf5 15.
a5 Qc7 16. Be4 Bxe4 17. Rxe4 Nf6 18. Rxb4 Nxd5 19. Rc4 Qd7 20. Nf3 Nf6 21. Bg5
h6 22. Bxf6 Bxf6 23. Qd5 Rab8 24. Rc6 Rxb2 25. Rxd6 Qc7 26. c4 Rc8 27. Nxe5 Bxe5
28. Qxe5 Rc2 29. h3 Rxc4 30. Rd5 Qxe5 31. Rxe5 R4c5 32. Ree1 Rd5 33. Ra2 g6 34.
Rb1 Rcc5 35. Rb6 Rxa5 36. Rxa6 1/2-1/2

[Event "Gibraltar Masters"]
[Site "Caleta ENG"]
[Date "2011.02.01"]
[Round "8.37"]
[White "Weber, Tom"]
[Black "Gallagher, Joseph G."]
[Result "1/2-1/2"]
[WhiteTitle "FM"]
[BlackTitle "GM"]
[WhiteElo "2310"]
[BlackElo "2501"]
[WhiteFideId "4000609"]
[BlackFideId "1303422"]
[EventDate "2011.01.25"]
[EventType "swiss"]

1. e4 c5 2. c3 d5 3. exd5 Qxd5 4. d4 Nf6 5. Nf3 e6 6. Bd3 Be7 7. O-O Nc6 8. a3
O-O 9. c4 Qd7 10. dxc5 Rd8 11. Bc2 Qxd1 12. Rxd1 Rxd1+ 13. Bxd1 a5 14. Nc3 Bxc5
15. Bf4 Bd7 16. Na4 Be7 17. Nb6 Rd8 18. Bc7 Re8 19. Ba4 Bd8 20. Bxd8 Rxd8 21.
Rd1 Be8 22. Rxd8 Nxd8 23. Bxe8 Nxe8 24. Kf1 Kf8 25. Ke2 Ke7 26. Nd4 Kd6 27. b4
axb4 28. axb4 Nc6 29. c5+ Kc7 30. Nc2 Nf6 31. f3 g5 32. Na8+ Kb8 33. Nb6 Kc7 34.
Na8+ Kb8 35. Nb6 1/2-1/2

[Event "Gibraltar Masters"]
[Site "Caleta ENG"]
[Date "2011.02.01"]
[Round "8.38"]
[White "Tate, Alan"]
[Black "El Debs, Felipe de Cresce"]
[Result "1-0"]
[BlackTitle "GM"]
[WhiteElo "2292"]
[BlackElo "2499"]
[WhiteFideId "2401878"]
[BlackFideId "2106981"]
[EventDate "2011.01.25"]
[EventType "swiss"]

1. e4 c5 2. Nf3 e6 3. d4 cxd4 4. Nxd4 Nc6 5. Nc3 Qc7 6. Be3 a6 7. Qd2 Nf6 8.
O-O-O Bb4 9. f3 O-O 10. g4 b5 11. g5 Ne8 12. Nxc6 Qxc6 13. h4 Ba5 14. Qg2 Bxc3
15. bxc3 Qxc3 16. Bd4 Qa3+ 17. Bb2 Qe7 18. h5 e5 19. Qg3 d6 20. f4 exf4 21. Qc3
f6 22. Re1 Bb7 23. Bh3 Bxe4 24. Rxe4 Qxe4 25. Re1 Qb7 26. Be6+ Kh8 27. h6 Rf7
28. Bxf7 1-0

[Event "Gibraltar Masters"]
[Site "Caleta ENG"]
[Date "2011.02.01"]
[Round "8.41"]
[White "Al-Sayed, Mohammed"]
[Black "Calzetta Ruiz, Monica"]
[Result "1/2-1/2"]
[WhiteTitle "GM"]
[BlackTitle "WGM"]
[WhiteElo "2490"]
[BlackElo "2284"]
[WhiteFideId "12100196"]
[BlackFideId "2204185"]
[EventDate "2011.01.25"]
[EventType "swiss"]

1. d4 Nf6 2. c4 c5 3. d5 b5 4. Nf3 g6 5. cxb5 a6 6. e3 Bg7 7. Nc3 O-O 8. a4 Bb7
9. e4 e6 10. bxa6 Nxa6 11. Bc4 exd5 12. exd5 Re8+ 13. Be3 Ng4 14. O-O Rxe3 15.
fxe3 Nxe3 16. Qb3 Nxf1 17. Qxb7 Ne3 18. Bxa6 Rb8 19. Qa7 Rxb2 20. Re1 Bd4 21.
Re2 Rb3 22. Nxd4 Rxc3 23. Nf3 Qf6 24. Rf2 Ng4 25. Rf1 Qf4 26. d6 Qe3+ 27. Kh1
Nf2+ 28. Rxf2 Qxf2 29. Qb8+ Kg7 30. Qb1 Qe3 31. Qg1 Rc1 32. Bf1 Qc3 33. Qf2 Rc2
34. Qh4 Rc1 35. Kg1 c4 36. Qf4 Qa1 37. Nd2 Rd1 38. Nxc4 Qxa4 39. Qe5+ Kg8 40.
Qc5 Qa1 41. Ne3 Rc1 42. Qd5 h5 1/2-1/2

[Event "Gibraltar Masters"]
[Site "Caleta ENG"]
[Date "2011.02.01"]
[Round "8.42"]
[White "Avalos Parra, Joao"]
[Black "Soffer, Ram"]
[Result "0-1"]
[WhiteTitle "FM"]
[BlackTitle "GM"]
[WhiteElo "2252"]
[BlackElo "2489"]
[WhiteFideId "3402541"]
[BlackFideId "2800101"]
[EventDate "2011.01.25"]
[EventType "swiss"]

1. c4 e5 2. g3 Nf6 3. Bg2 d5 4. cxd5 Nxd5 5. Nc3 Nb6 6. Nf3 Nc6 7. a3 Be7 8. b4
O-O 9. O-O Re8 10. d3 Bf8 11. Bb2 a5 12. b5 Nd4 13. e3 Nxf3+ 14. Bxf3 Rb8 15.
Qc2 Bf5 16. Ne4 Qd7 17. a4 Nd5 18. Rfd1 Bg4 19. Bxg4 Qxg4 20. Qc4 Rbd8 21. Nc3
Qxc4 22. dxc4 Nb6 23. Nd5 Nxc4 24. Bc3 c6 25. bxc6 bxc6 26. Nc7 Rxd1+ 27. Rxd1
Rc8 28. Na6 Ra8 29. Nc7 Ra7 30. Ne8 f6 31. Rd8 Kf7 32. Rc8 Nb6 33. Rc7+ Rxc7 34.
Nxc7 Bb4 35. Ba1 Nxa4 36. Na6 Bd6 0-1

[Event "Gibraltar Masters"]
[Site "Caleta ENG"]
[Date "2011.02.01"]
[Round "8.43"]
[White "Tozer, Philip A A"]
[Black "Das, Arghyadip"]
[Result "0-1"]
[BlackTitle "IM"]
[WhiteElo "2140"]
[BlackElo "2479"]
[WhiteFideId "419982"]
[BlackFideId "5003610"]
[EventDate "2011.01.25"]
[EventType "swiss"]

1. c4 e6 2. g3 d5 3. Nf3 c6 4. Bg2 dxc4 5. Na3 Nf6 6. Nxc4 b5 7. Nce5 Bd6 8. O-O
O-O 9. d4 Bb7 10. Qd3 h6 11. b3 Qb6 12. a4 Na6 13. a5 Qd8 14. Ba3 Bxa3 15. Rxa3
Rc8 16. e3 Qe7 17. Raa1 Rfd8 18. Nd2 Nd5 19. Rfc1 Qe8 20. Bf1 f6 21. Nef3 Ndb4
22. Qe2 e5 23. Ne4 c5 24. Nxc5 Nxc5 25. Rxc5 Rxc5 26. dxc5 Qc6 27. Bg2 Qxc5 28.
Rd1 Rxd1+ 29. Qxd1 Qd5 30. Qxd5+ Bxd5 31. Nd2 Bxg2 32. Kxg2 Nc6 33. Kf3 Kf7 34.
Ke4 Ke6 35. Kd3 Nxa5 36. h4 Kd5 37. g4 Nc6 38. f4 e4+ 39. Kc3 g5 40. hxg5 hxg5
41. Nf1 b4+ 42. Kc2 gxf4 43. exf4 Nd4+ 44. Kb2 Ne6 45. Ne3+ Kd4 46. Nc2+ Kd3 47.
Nxb4+ Kd2 48. g5 Nxg5 0-1

[Event "Gibraltar Masters"]
[Site "Caleta ENG"]
[Date "2011.02.01"]
[Round "8.45"]
[White "Gaponenko, Inna"]
[Black "Valgmae, Toomas"]
[Result "0-1"]
[WhiteTitle "IM"]
[WhiteElo "2466"]
[BlackElo "2190"]
[WhiteFideId "14101181"]
[BlackFideId "4502523"]
[EventDate "2011.01.25"]
[EventType "swiss"]

1. e4 d5 2. exd5 Qxd5 3. Nf3 Bg4 4. Be2 Nc6 5. h3 Bh5 6. d4 O-O-O 7. c4 Qd6 8.
d5 Bxf3 9. gxf3 Qg6 10. Nc3 Nb4 11. Kf1 e6 12. a3 Na6 13. b4 Nf6 14. Be3 c5 15.
Nb5 Kb8 16. d6 Qf5 17. Qd2 Nd7 18. Rd1 g6 19. Bf4 f6 20. Be3 Bg7 21. bxc5 Ndxc5
22. Qa5 Rd7 23. Nd4 Qe5 24. Nb5 Rc8 25. f4 Qe4 26. Rg1 f5 27. h4 e5 28. Rd5 exf4
29. Bxc5 Rxc5 30. Rxc5 f3 31. Bxf3 Qxf3 32. Rg3 Qh1+ 33. Ke2 f4 34. Nc7 Nxc5 35.
Qxc5 Qe4+ 36. Kf1 fxg3 37. Nd5 gxf2 0-1